| 000 | 00506nam a2200181Ia 4500 | ||
|---|---|---|---|
| 003 | GCL | ||
| 008 | 140319s9999 xx 000 0 ara d | ||
| 040 |
_aGCL / _cGCL |
||
| 082 | 0 | 4 |
_a813.01 _bث ن |
| 100 | 1 | _aثروت اباظة | |
| 245 | 1 | 0 |
_aنقوش من ذهب ونحاس / _cثروت اباظة |
| 300 | _a232 ص | ||
| 490 |
_aكتاب _v0 |
||
| 650 | 0 | 4 | _aالادب العربى |
| 650 | 0 | 4 | _aالقصص العربية |
| 650 | 0 | 4 | _aالقصص العربية - مجموعات |
| 942 |
_2ddc _cBK |
||
| 999 |
_c42046 _d42046 |
||